Countries by Emojis - Statistics

General Stats
  • This quiz has been taken 64 times
  • The average score is 7 of 12
Answer Stats
Emoji description Country % Correct
๐Ÿ๐Ÿ•๐Ÿฅพ๐Ÿ’ถ๐Ÿ˜๏ธ Italy
98%
๐ŸŒจ๏ธ๐Ÿž๏ธโ›ธ๏ธ๐Ÿ๐Ÿถ Canada
83%
๐Ÿ”โค๏ธโ€๐Ÿ”ฅ๐Ÿ”ซ๐ŸŒฎ๐Ÿค‘ United States of America
79%
๐Ÿ”ฅ๐Ÿ•ท๏ธ๐Ÿ๏ธ๐Ÿœ๏ธ๐Ÿ–๏ธ Australia
64%
๐ŸŽจ๐ŸŒโ˜ข๏ธ๐Ÿ’ฆ๐Ÿก France
60%
๐ŸŽฉ๐ŸŒง๏ธ๐Ÿซ˜๐Ÿž๐Ÿบ United Kingdom
60%
๐Ÿฅ™๐Ÿšฒ๐Ÿšฎ๐Ÿ’ถ๐Ÿ‡ช๐Ÿ‡บ Germany
55%
๐Ÿฅ”๐Ÿป๐Ÿ ๐Ÿž๐ŸŸฉ Ireland
51%
๐Ÿ’ฐ๐Ÿญ๐ŸŒ†โ›ด๏ธ๐Ÿ“ฆ China
47%
๐ŸงŠ๐Ÿ”๏ธ๐ŸŸฉ๐ŸŒจ๏ธ๐Ÿฅถ Greenland
36%
๐ŸŒณ๐Ÿชš๐Ÿž๏ธ๐Ÿงฑ๐Ÿ’ง Brazil
23%
๐ŸŒ‡โ™‚๏ธ๐ŸŒตโœˆ๏ธ๐Ÿ›‚ United Arab Emirates
17%
No matching quizzes found
Score Distribution
Percent of People with Each Score
Percentile by Number Answered
Your Score History
You have not taken this quiz